Países da Segunda Guerra Mundial - Statistics

Estatísticas Gerais
  • Esse quiz foi jogado 537 vezes
  • A pontuação média é 14 de 15
Estatísticas das Respostas
Imagem Resposta % Correto
França
100%
Alemanha
97%
Canadá
96%
Estados Unidos
96%
Grécia
96%
Reino Unido
96%
Itália
95%
Polônia
95%
União Soviética
95%
Finlândia
94%
Romênia
91%
Império do Japão
89%
Reino da Hungria
86%
China
84%
Iugoslávia
75%
Nenhum quiz correspondente encontrado
Distribuição das Pontuações
Porcentagem de Pessoas com Cada Pontuação
Percentil de Números Respondidos
Sua Pontuação Histórica
Você não jogou esse quiz